000 01742cab a2200349 4500
001 ABS59030
008 090401t1998 xxu||||| |||| 00| 0 eng d
035 _a(Sirsi) u87348
041 _aeng
245 _aDobbie and Dobbie v Fife Council
260 _c1998
350 _a0
490 _aRating & Valuation Reporter
_v[1998] RVR 119-128(10)
520 _aLT 6 March 1998. D applied for compensation for depreciation in value of a house at no. 3 Lethamhill Avenue, Hillend, caused by physical factors following the opening of a bypass. F disputed the existence of physical factors and contended the benefit from the works outweighed any depreciation. Prior to the opening of the bypass the Main Street of Hillend was part of a main arterial route, when the bypass opened Main Street became a cul-de-sac. The application was refused because the set-off in terms of Land Compensation (Scotland) Act s6 exceeded any compensation which might have been due under s1 of the Act, if the value of the property had been reduced by physical factors. Claim dismissed.
650 _aBROOM V DEPARTMENT OF TRANSPORT
650 _aBROWN V CENTRAL REGIONAL COUNCIL
650 _aBYPASS
650 _aCOMPENSATION
650 _aDEPRECIATION IN VALUE
650 _aHALLOWS V WELSH OFFICE
650 _aLAND COMPENSATION (SCOTLAND) ACT 1973 S1
650 _aLAND COMPENSATION (SCOTLAND) ACT 1973 S6
650 _aNOISE LEVELS
650 _aPHYSICAL FACTORS
650 _aPUBLIC WORKS
650 _aRESIDENTIAL
650 _aSET-OFF
650 _aWISHART V FIFE REGIONAL COUNCIL
690 _aENVIRONMENTAL AND LAND CONSULTANCY-PLANNING AND DEVELOPMENT-COMPULSORY PURCHASE AND COMPENSATION
942 _n0
948 _c13/07/1998
999 _c55094
_d55094